25 poemas / (Registro nro. 123091)

Detalles MARC
000 -LEADER
campo de control de longitud fija 00609nam a2200193 4500
001 - NÚMERO DE CONTROL
campo de control 123091
003 - IDENTIFICADOR DE NÚMERO DE CONTROL
campo de control ES-MaACL
005 - FECHA Y HORA DE LA ÚLTIMA TRANSACCIÓN
campo de control 20240506132229.0
007 - CAMPO FIJO DE DESCRIPCIÓN FÍSICA--INFORMACIÓN GENERAL
campo de control de longitud fija t|
008 - DATOS DE LONGITUD FIJA--INFORMACIÓN GENERAL
campo de control de longitud fija 070214s1963 ag r ||||0| spa d
100 1# - ENTRADA PRINCIPAL--NOMBRE DE PERSONA
Nombre de persona Quasimodo, Salvatore.
9 (RLIN) 94489
245 10 - MENCIÓN DEL TÍTULO
Título 25 poemas /
Mención de responsabilidad, etc. Salvatore Quasimodo ; selección, traducción, y prólogo de José Agustín Goytisolo.
260 ## - PUBLICACIÓN, DISTRIBUCIÓN, ETC.
Lugar de publicación, distribución, etc. Buenos Aires :
Nombre del editor, distribuidor, etc. Sur,
Fecha de publicación, distribución, etc. 1963.
300 ## - DESCRIPCIÓN FÍSICA
Extensión 71 p ;
Dimensiones 18 cm.
700 1# - ENTRADA AGREGADA--NOMBRE PERSONAL
Nombre de persona Goytisolo, José Agustín,
Fechas asociadas al nombre 1928-
9 (RLIN) 59420
852 ## - LOCALIZACIÓN
Ubicación ES-MaACL
itemnumber 127663
Sublocalización o colección R.52573
Número de control de estantería C-24701
Ubicación en estantería Depósito 2
942 ## - ELEMENTOS DE ENTRADA SECUNDARIOS (KOHA)
Fuente del sistema de clasificación o colocación Clasificación decimal universal
Existencias
Estatus retirado Estado de pérdida Fuente del sistema de clasificación o colocación Estado de daño No para préstamo Biblioteca de origen Biblioteca actual Ubicación en estantería Fecha de adquisición Total de préstamos Signatura topográfica completa Código de barras Visto por última vez Precio de reemplazo Tipo de ítem Koha
    Clasificación decimal universal     Biblioteca del Ateneo de Madrid Biblioteca del Ateneo de Madrid Depósito 2 17/01/2008   C-24701 1128262 23/02/2023 23/02/2023 Libro impreso